Aprovechemos el CAFTA: el tratado de libre comercio puede estimular la integración de la economías de América Central /
Sábháilte in:
| Príomhchruthaitheoir: | |
|---|---|
| Formáid: | Téacs |
| Ábhair: | |
| Clibeanna: |
Cuir clib leis
Níl clibeanna ann, Bí ar an gcéad duine le clib a chur leis an taifead seo!
|
MARC
| LEADER | 00000 a a2200000 04500 | ||
|---|---|---|---|
| 001 | 8088 | ||
| 003 | |||
| 040 | |||
| 100 | |a Schipke, Alfred | ||
| 245 | |a Aprovechemos el CAFTA: |b el tratado de libre comercio puede estimular la integración de la economías de América Central / |c Alfred Schipke | ||
| 650 | |a INTEGRACION REGIONAL | ||
| 650 | |a TLC | ||
| 650 | |a AMERICA CENTRAL | ||
| 773 | |g volumen 42, número 4; páginas 30-33 | ||
| 999 | |c 22873 |d 22873 | ||
